000 00337nam a22001337a 4500
020 _a0-590-47617-3
082 _a823
_bDIC/G
100 _aDICKS, TERRANCE
245 _aGOLIATH AND THE BURGLAR
_bTHE ADVENTURES OF GOLIATH
260 _aNEW YORK
_bSCHOLASTIC INC
_c1993
300 _a52
650 _aSHORT STORY
_zUNITED STATES
942 _cBK
999 _c3015
_d3015